000 01925nam a22004453i 4500
001 EBC32292524
003 MiAaPQ
005 20260416173615.0
007 cr cnu||||||||
008 260416s2026 xx o ||||0 eng d
020 _a9780813954578
_q(electronic bk.)
020 _z9780813954554
040 _aMiAaPQ
_beng
_cMiAaPQ
100 1 _aBanks, Bryan A.
_969060
245 1 4 _aThe Global Age of Revolutions :
_bA History from 1650 to Today.
250 _a1st ed.
264 1 _aLa Vergne :
_bUniversity of Virginia Press,
_c2026.
264 4 _c©2026.
300 _a1 online resource (273 pages)
336 _aText
_btxt
_2rdacontent
337 _aComputermedien
_bc
_2rdamedia
338 _aOnline Resource
_bcr
_2rdacarrier
490 0 _aThe Revolutionary Age Series
500 _aE-Book-ProQuest / Fernzugriff nach Registrierung möglich
520 _aRedrawing the map and resetting the clock of the Age of Revolutions In 2015, Bryan Banks and Cindy Ermus launched AgeofRevolutions.com, a site offering critical reconsideration of the foundational concept of revolution and centered on three key questions: What was the Age of Revolutions?Where was the Age of Revolutions?.
655 _aFernzugriff
_9230
655 4 _aElectronic books.
700 1 _aErmus, Cindy.
_969061
700 1 _aDavidson, Denise Z.
_969062
700 1 _aCarter, Katlyn Marie.
_969063
700 1 _aEdelstein, Dan.
_9770
700 1 _ade Graaf, Beatrice A.
_969064
700 1 _aLa Serna, Miguel Abram.
_969065
700 1 _aPichichero, Christy L.
_927321
700 1 _aHunt, Lynn.
_969066
700 1 _aSmith, Andrew Wm.
_969067
776 0 8 _iPrint version:
_aBanks, Bryan A.
_tThe Global Age of Revolutions
_dLa Vergne : University of Virginia Press,c2026
_z9780813954554
856 4 0 _uhttps://ebookcentral.proquest.com/lib/maxweberstiftung-ebooks/detail.action?docID=32292524
_zVolltext
942 _cEB
999 _c74088
_d74088